000 00767nam a2200217Ii 4500
003 JO-AjNU
008 230605s9999||||xx |||||||||||||| ||und||
040 _aJO-AjNU
_bara
_erda
_cJO-AjNU
041 _aara
050 1 4 _aHM63.A7.G42 1989
100 3 _aتاليف: غانم، عبدالله,
_eauthor
_915294
245 0 0 _aالرواد المسلمون، ج1
250 _aط2
264 3 1 _aالاسكندرية: المكتب الجامعي الحديث، 1989
300 _aج1، 432ص
_bيحتوي على ببلوغرافية من 425-432ص
336 _atext
_btxt
_2rdacontent
337 _aunmediated
_bn
_2rdamedia
338 _avolume
_bnc
_2rdacarrier
490 0 _aتاريخ الفكر الاجتماعي
650 4 _aالمسلمون -تراجم
_915295
999 _aA4284
_c7852
_d7852